| 000 | 00716nam a2200205 a 4500 | ||
|---|---|---|---|
| 001 | 000023356 | ||
| 005 | 20200930022148.0 | ||
| 008 | 101203s1969 sp r 001 0 spa d | ||
| 040 |
_aDO-SdBNP _bspa _cBNPHU |
||
| 082 |
_axxxxx _bG942n |
||
| 100 | 1 |
_aFuggenheim, Fred _948112 |
|
| 245 | 1 | 0 |
_aNuevas fronteras en educación : _borganización escolar y medios didácticos / _cFred guggenheim , C. L. Guggenheim. |
| 260 |
_aMadrid : _bEdiciones Morata, _c1969. |
||
| 300 |
_a312 p. ; _c21 cm. |
||
| 500 | _aIncluye índice alfabético. | ||
| 504 | _aIncluye referencias bibliográficas y notas al pie de las páginas. | ||
| 536 | _aNew frontiers in education. | ||
| 700 | 1 |
_aGuggenheim, C. L. _948113 |
|
| 049 | _aBNGR | ||
| 999 |
_c22853 _d22853 |
||